000 00467nam a2200169Ia 4500
008 230524s9999 xx 000 0 und d
082 _a612
_bNAR
100 _aMargareta Nordin
_925521
245 0 _aBasic Biomechanics of the Musculoskeletal System
250 _a3RD
260 _aLONDON
_bLippincott Williams & Wilkins
_c2001
300 _aXVII;459
500 _aQuantity Number: 1
650 _aBiomedical
700 _a Victor H.Frankel
_925522
942 _cBK
999 _c37552
_d37552